महानगर (Record no. 414189)

MARC details
000 -LEADER
fixed length control field 00421nam a2200157Ia 4500
008 - FIXED-LENGTH DATA ELEMENTS--GENERAL INFORMATION
fixed length control field 100122s9999 xx 000 0 und d
082 ## - DEWEY DECIMAL CLASSIFICATION NUMBER
Item number 28588
Classification number 823
100 ## - MAIN ENTRY--PERSONAL NAME
Personal name मंत्री रमेश
245 ## - TITLE STATEMENT
Title महानगर
250 ## - EDITION STATEMENT
Edition statement 2
260 ## - PUBLICATION, DISTRIBUTION, ETC. (IMPRINT)
Name of publisher, distributor, etc मॅजेस्टिक प्रकाशन
Date of publication, distribution, etc 1905
300 ## - PHYSICAL DESCRIPTION
Extent 261
630 ## - SUBJECT ADDED ENTRY--UNIFORM TITLE
Uniform title महानगर
730 ## - ADDED ENTRY--UNIFORM TITLE
Uniform title महानगर
942 ## - ADDED ENTRY ELEMENTS (KOHA)
Koha item type Book
Holdings
Withdrawn status Lost status Damaged status Not for loan Home library Current library Date acquired Cost, normal purchase price Total Checkouts Full call number Barcode Date last seen Cost, replacement price Price effective from Koha item type Public note
        S.V. Pathak Library, Vile Parle S.V. Pathak Library, Vile Parle 01/17/1980 20.00   28588 SVPPARLE-28588 01/25/2010 20.00 01/25/2010 Book 4)किंमत वसुल Lost